LEADER 01722nam 2200409Ia 450 001 996395203203316 005 20210104171218.0 035 $a(CKB)3810000000015476 035 $a(EEBO)2240892964 035 $a(OCoLC)ocn297421124e 035 $a(OCoLC)297421124 035 $a(EXLCZ)993810000000015476 100 $a20090108d1691 uy 0 101 0 $aeng 135 $aurbn||||a|bb| 200 12$aA short introduction of grammar$b[electronic resource] $ecompiled and set forth for the bringing up all those that intend to attain to the knowledge of the Latin tongue 210 $aLondon $cPrinted by Rog. Norton Printer to the King's most excellent Majesty, in Latin, Greek and Hebrew$d1691 215 $a[72], 130, [17] p 300 $a"Brevissima institutio seu, ratio grammatices" has separate dated title page on leaf E4r with pagination beginning on leaf E5r; continuous register. 300 $aAt foot of t.p.: "Cum privilegio." 300 $aReproduction of original in: Henry E. Huntington Library and Art Gallery. 330 $aeebo-0113 606 $aLatin language$xGrammar$vEarly works to 1800 606 $aLatin language$xStudy and teaching$vEarly works to 1800 606 $aLatin language$xMetrics and rhythmics$vEarly works to 1800 606 $aLatin language$xSyntax$vEarly works to 1800 615 0$aLatin language$xGrammar 615 0$aLatin language$xStudy and teaching 615 0$aLatin language$xMetrics and rhythmics 615 0$aLatin language$xSyntax 700 $aLily$b William$f1468?-1522.$0841046 801 0$bUMI 801 1$bUMI 906 $aBOOK 912 $a996395203203316 996 $aA short introduction of grammar$92317971 997 $aUNISA LEADER 00899nam a2200229 i 4500 001 991000879569707536 008 035 $ab13926093-39ule_inst 100 1 $aArrighetti, Graziano$0156195 245 10$aDieci anni di papirologia ercolanese /$cGraziano Arrighetti. 260 $aNapoli :$bSocietà nazionale di scienze, lettere e arti in Napoli,$c[1982] 300 $a26 p. ;$c22 cm 440 0$aConferenze pubbliche ;$v2 504 $aContiene riferimenti bibliografici 650 4$aManoscritti greci (Papiri) 651 4$aErcolano 907 $a.b13926093$b02-04-14$c07-10-10 912 $a991000879569707536 945 $aLE007 00 ARR 01.02$g1$i2007000202173$lle007$o-$pE0.00$q-$rl$s- $t0$u2$v0$w2$x0$y.i15180268$z07-10-10 996 $aDieci anni di papirologia ercolanese$9249092 997 $aUNISALENTO 998 $ale007$b07-10-10$cm$da $e-$fita$git $h0$i0